000 00381nam a2200133Ia 4500
008 220216s9999 xx 000 0 und d
100 _aSusaevee Punpitchaya
245 0 _aImportant rubber disease control measurement not to spread in Thailand
260 _bRubber International Magazine
_c2006
300 _a48-50
650 _aRubber disease
650 _aThailand
942 _cJS
999 _c60813
_d60813